000 00641cam a2200229ua 4500
001 10167
008 170921n ii |||gr||||Z||||||asm
020 _a9789382030454
040 _cMAIN
041 _aasm
082 _a155.4
100 _aBora, Swapnali,
_eAuthor.
245 _aChild psychology and child guidance (A)
_cBy Swapnali Bora and others
250 _a2nd ed.
260 _aJorhat:
_bUnika prakashan,
_c2014.
300 _a395p.
653 _aDifferential & developmental psychology
700 _aPhukan, Dipti Devi,
_eAuthor.
700 _aSaikia, Ranjumoni,
_eAuthor.
700 _aBora, Jyotshna,
_eAuthor.
942 _cBK
999 _c9164
_d9164